书目信息 |
| 题名: |
旅游规划理论与实践
|
|
| 作者: | 杨永德 著 | |
| 分册: | ||
| 出版信息: | 北京 经济管理出版社 2014 |
|
| 页数: | 307页 | |
| 开本: | 24cm | |
| 丛书名: | ||
| 单 册: | ||
| 中图分类: | F590.1 | |
| 科图分类: | ||
| 主题词: | 旅游规划 , 旅游规划--高等学校--教材 | |
| 电子资源: | ||
| ISBN: | 978-7-5096-2841-6 | |
| 000 | 01013nam0 2200253 450 | |
| 001 | 139027 | |
| 005 | 20140903093530.70 | |
| 010 | @a978-7-5096-2841-6@dCNY 48.00 | |
| 100 | @a20140625d2014 em y0chiy50 ea | |
| 101 | 0 | @achi |
| 102 | @aCN@b110000 | |
| 105 | @ay z 000yy | |
| 200 | 1 | @a旅游规划理论与实践@Alv you gui hua li lun yu shi jian@b专著@dThe theory and practice of tourism planning@f杨永德著@zeng |
| 210 | @a北京@c经济管理出版社@d2014 | |
| 215 | @a307页@d24cm | |
| 300 | @a高等院校“十二五”旅游管理类课程系列规划教材 广西大学商学院专著资助项目 | |
| 330 | @a本书分九章,主要包括旅游规划发展历程、旅游规划编制的理论基础、旅游规划的编制、旅游规划的战略编制、旅游资源规划、旅游市场规划、旅游产品规划、旅游环境保护规划、旅游规划实施与管理。 | |
| 510 | 1 | @aTheory and practice of tourism planning@zeng |
| 606 | 0 | @a旅游规划 |
| 606 | 0 | @a旅游规划@x高等学校@j教材 |
| 690 | @aF590.1@v5 | |
| 701 | 0 | @a杨永德@Ayang yong de@c(旅游,@f1956 )@4著 |
| 801 | 0 | @c20140903 |
| 905 | @a241430@dF590.1@eY320 | |
| 旅游规划理论与实践=The theory and practice of tourism planning/杨永德著.-北京:经济管理出版社,2014 |
| 307页;24cm |
| 高等院校“十二五”旅游管理类课程系列规划教材 广西大学商学院专著资助项目 |
| ISBN 978-7-5096-2841-6:CNY 48.00 |
| 本书分九章,主要包括旅游规划发展历程、旅游规划编制的理论基础、旅游规划的编制、旅游规划的战略编制、旅游资源规划、旅游市场规划、旅游产品规划、旅游环境保护规划、旅游规划实施与管理。 |
| ● |
| 相关链接 |
|
|
|
正题名:旅游规划理论与实践
索取号:F590.1/Y320
 
预约/预借
| 序号 | 登录号 | 条形码 | 馆藏地/架位号 | 状态 | 备注 |
| 1 | 0828413 | 208284131 | 社科库409/409社科库 38排7列3层/ [索取号:F590.1/Y320] | 在馆 | |
| 2 | 0828414 | 208284140 | 社科库409/409社科库 38排7列3层/ [索取号:F590.1/Y320] | 在馆 | |
| 3 | 0828415 | 208284159 | 社科库409/409社科库 38排7列3层/ [索取号:F590.1/Y320] | 在馆 |